000 00610cam a2200193 4500
001 J64822
008 000000n2001 000 0 eng u
035 _a(Sirsi) u114134
050 _a333.337
110 _aCB Hillier Parker
_93660
245 _aWestern Corridor office : market index brief quarter 2 2001
260 _aLondon
_bCB Hillier Parker
_c2001
300 _a1pt.. ; 30cm.
650 _aPROPERTY-COMMERCIAL PROPERTY-OFFICE PROPERTY-OFFICE PROPERTY MARKET
650 _aWESTERN CORRIDOR
650 _aOFFICES
690 _aPROPERTY-COMMERCIAL PROPERTY-COMMERCIAL PROPERTY MARKET
942 _n0
999 _c101578
_d101578